Santanche Samarasata Sutra (Record no. 367899)

MARC details
000 -LEADER
fixed length control field 00471nam a2200181 4500
005 - DATE AND TIME OF LATEST TRANSACTION
control field 20251009114441.0
008 - FIXED-LENGTH DATA ELEMENTS--GENERAL INFORMATION
fixed length control field 250930b |||||||| |||| 00| 0 eng d
020 ## - INTERNATIONAL STANDARD BOOK NUMBER
International Standard Book Number 9789391558222
041 ## - LANGUAGE CODE
Language code of text/sound track or separate title Marathi
082 ## - DEWEY DECIMAL CLASSIFICATION NUMBER
Classification number 891.46
Item number JEV
100 ## - MAIN ENTRY--PERSONAL NAME
Author Jevne Deepak Hanumant
245 ## - TITLE STATEMENT
Title Santanche Samarasata Sutra
260 ## - PUBLICATION, DISTRIBUTION, ETC.
Place of publication, distribution, etc. Pune
Name of publisher, distributor, etc. Bharatiya Vichar Sadhana Pune Prakashan
Date of publication, distribution, etc. 2021
300 ## - PHYSICAL DESCRIPTION
Extent 120
365 ## - TRADE PRICE
Price amount 105.00
Currency code Rs.00
650 ## - SUBJECT ADDED ENTRY--TOPICAL TERM
Topical term or geographic name entry element General
942 ## - ADDED ENTRY ELEMENTS (KOHA)
Koha item type Books
Holdings
Withdrawn status Lost status Source of classification or shelving scheme Damaged status Not for loan Home library Current library Date acquired Vendor Net Price Total Checkouts Full call number Barcode Date last seen Discount Actual Price Koha item type
    Dewey Decimal Classification     School of Fashion Technology School of Fashion Technology 30/09/2025 Bharatiya Vichar Sadhana Foundation 105.00   891.46 JEV SOFT-BK-4555 30/09/2025 19.23% 130.00 Books